| 000 | 01062nam a2200265Ia 4500 | ||
|---|---|---|---|
| 003 | GCL | ||
| 008 | 140319s9999 xx 000 0 ara d | ||
| 020 | _a9187710977 | ||
| 040 |
_aGCL / _cGCL |
||
| 082 | 0 | 4 |
_a158.7 _bم ع |
| 100 | 1 | _aمحمود السيد ابوالنيل | |
| 245 | 1 | 0 |
_aعلم النفس الصناعى والتنظيمى عربيا وعالميا / _cمحمود السيد ابوالنيل |
| 250 | _aالاولى | ||
| 260 |
_aالقاهرة : _bدار الفكر العربى ، _c2005 |
||
| 300 |
_a900 ص ؛ _c24 سم |
||
| 490 |
_aسلسلة الفكر العربى فى التربية وعلم النفس _v32 |
||
| 650 | 0 | 4 | _aعلم النفس الصناعى |
| 650 | 0 | 4 | _aعلم النفس التنظيمى |
| 650 | 0 | 4 | _aالعمال - مواصفات الاختيار |
| 650 | 0 | 4 | _aالعمل والعمال - خبرات ومهارات |
| 650 | 0 | 4 | _aعلم النفس الهندسى |
| 650 | 0 | 4 | _aالعمال - الاضطرابات النفسية |
| 650 | 0 | 4 | _aالعمل والعمال - حوادث |
| 942 |
_2ddc _cBK |
||
| 999 |
_c9624 _d9624 |
||